header

Cloth modeling and animation (Record no. 133541)

MARC details
000 -LEADER
fixed length control field 01768nam a2200337Ia 4500
082 04 - DEWEY DECIMAL CLASSIFICATION NUMBER
Classification number 006.6/96
245 00 - TITLE STATEMENT
Title Cloth modeling and animation
260 ## - PUBLICATION, DISTRIBUTION, ETC. (IMPRINT)
Place of publication Natick, Mass. :
Name of publisher A K Peters,
Year of publication c2000.
300 ## - PHYSICAL DESCRIPTION
Number of Pages xiv, 344 p., [16] p. of plates :
Other physical details ill. (some col.)
520 1# - SUMMARY, ETC.
Summary, etc "This book not only gives current methods for simulating cloth's look and behavior, it also provides a solid introduction to the construction and characteristics of cloth and even offers helpful hints on character costuming." "With sections on woven and knit fabrics, behavior modeling, dynamic simulation, cloth appearance models, and current techniques and applications of cloth animation, readers will have in this single volume a comprehensive guide to cloth modeling and animation."
650 #0 - SUBJECT ADDED ENTRY--TOPICAL TERM
Topical Term Computer animation.
Topical Term Computer graphics.
Topical Term Textile fabrics.
700 1# - ADDED ENTRY--PERSONAL NAME
Personal name House, Donald,
Personal name Breen, David E.,
856 40 - ELECTRONIC LOCATION AND ACCESS
Uniform Resource Identifier http://site.ebrary.com/lib/rucke/Doc?id=10159713

No items available.

© 2026 Rongo University
Contact us: librarian | system librarian | Rongo university